000 00452nam a2200181Ia 4500
008 230524s9999 xx 000 0 und d
020 _a9788126528035
082 _a624.183412
_bLIN
100 _aT.Y.Lin
_941500
245 0 _aDesign of Prestressed Concrete Structures
250 _a3
260 _aNew Delhi
_bJ.Wiley
_c2010
300 _a643p;
500 _aQuantity Number: 1
650 _aCivil
700 _aNed H.Burns
_941501
942 _cBK
999 _c55767
_d55767